[Event "Jean Jaurès - Temse 51/2-21/2"]
[Site "?"]
[Date "2017.12.03"]
[Round "5"]
[White "Witt, Rob"]
[Black "Stuer, Marc"]
[Result "1-0"]
[WhiteElo "2141"]
[BlackElo "2020"]
[Annotator "Witt"]
[PlyCount "89"]
[EventDate "2017.??.??"]

{Alje, Arno, Michael en ik vertrokken weer om 11:00 vanaf het Amstelstation
voor de 5e ronde van de Belgische competitie. Ik was net twee dagen terug van
Curacao en dankzij een jetlag sliep ik door de wekker heen en schrok 10:25
wakker. Ons team heeft tot dusver alle wedstrijden gewonnen en een matchpunt
voorsprong op de grote favoriet Borgerhout.} 1. d4 f5 2. g3 Nf6 3. Bg2 d6 4.
Nf3 g6 5. O-O Bg7 6. c4 O-O 7. Nc3 Qe8 {In serieuze partijen heb ik deze
variant maar één keer op het bord gehad. Dat was in het AKN-toernooi 1994
tegen Igor Glek.} ({Tegenwoordig geven de zwartspelers meestal de voorkeur aan
} 7... c6 {wat ik afgelopen zomer nog op het bord had tegen Roeland Pruijssers.
}) 8. d5 ({In vluggertjes heb ik een paar keer} 8. Re1 {gespeeld, maar
eigenlijk vertrouw ik dat niet helemaal na} Qf7 $1) 8... Na6 ({De
repertoireboeken van Kindermann (2005) en Malaniuk (2014) geven de voorkeur aan
} 8... a5 {en dat speelde Glek destijds tegen mij. In mijn herinnering verloor
ik die partij kansloos, maar dat blijkt mee te vallen want na} 9. Nd4 Na6 10.
b3 Bd7 11. Bb2 c6 12. e3 Nc7 13. Nde2 c5 14. a4 g5 15. Qc2 Qh5 16. f3 e5 {
zou ik goed gestaan hebben na} 17. dxe6 ({Ik speelde helaas} 17. Nd1 {Witt,R 
(2330)-Glek,I (2590) Haarlem 1994 (41.0-1)})) 9. Nd4 {Dit is bijna 1000 keer
gespeeld in mijn database, maar misschien is het niet meer de beste
voortzetting. Volgens Arno is 8.... Pa6 niet meer aantrekkelijk. Wit moet iets
doen met a3 en b4 en dxc6 als zwart c6 speelt.} ({Waarschijnlijk is} 9. Rb1 {
de kansrijkste voortzetting.}) 9... Bd7 10. Rb1 ({Ik zie dat er ook veel
partijen zijn gespeeld (o.a. 2x door Paul van der Sterren) met meteen} 10. e4
fxe4 11. Nxe4 Nxe4 12. Bxe4 c6 {maar wit scoort minder dan 50%.}) 10... c6 {
Marc had alles vlot gespeeld en ik dacht nu een kwartiertje na. Uiteindelijk
zag ik niets beters dan} 11. e4 (11. dxc6 {heb ik maar kort naar gekeken. Na}
bxc6 12. b4 Rc8 {zag ik geen vervolg.}) (11. b4 {verwierp ik wegens} c5 {
Het verbaast me dat hier ook andere zetten gespeeld zijn.} 12. bxc5 Nxc5 {
en ik snap niet wat wit hier heeft.}) 11... fxe4 12. Nxe4 Nxe4 13. Bxe4 Nc5 {
A tempo gespeeld.} ({Logischer leek me} 13... Nc7 {waarop ik} 14. Be3 {van
plan was. Van de 16 partijen in de database gaan er 15 verder met} c5 15. Ne2
b5 16. b3 {met wederzijdse kansen.}) 14. Bg2 a5 {Ook deze speelde Marc vlot.}
15. Be3 {Ik was niet ontevreden met mijn stelling.} Rc8 {Na 12 minuten.} 16. b3
Kh8 {Na 7 minuten. beide spelers nog een uur.} 17. Qd2 Qd8 {Ik begreep dat
zwart zijn dame naar b4 wil brengen.} 18. Bh6 {Het leek me goed om de zwarte
lopers te ruilen. Maar achteraf twijfel ik. Als de lopers van het bord zijn
heeft zwart meer velden om zijn zware stukken neer te zetten.} (18. Rfe1 {
zou nu mijn voorkeur hebben.}) 18... cxd5 {Na 10 minuten. Moeilijk te zeggen
of zwart anders kan spelen.} ({Stockfish geeft} 18... Bxh6 19. Qxh6 e5 {
maar wit staat goed na} 20. dxe6) 19. Bxg7+ Kxg7 20. cxd5 Qb6 21. Rfe1 Rf7 22.
Qe3 {Na 12 minuten.} ({Mijn eerste gedachte was} 22. Re3 {wat een prima zet is,
maar ik zag een andere lange variant waar zwart foutief zijn geplande Db4 kan
spelen.}) 22... Rcf8 23. f4 Qb4 {28'} 24. Nc2 {31'} (24. a3 $1 {heb ik niet
gezien.} Qb6 (24... Qxa3 $2 25. Nc2 Qa2 26. Qc3+ Kg8 27. Rb2 $18) 25. b4 axb4
26. axb4 Na4 27. Rbc1 Rc8 28. Rxc8 Bxc8 29. Qd2 {met groot voordeel.}) 24...
Qb6 25. Qd4+ Kg8 26. Rbd1 Bf5 27. Ne3 Qb4 $2 {Precies de stelling die ik voor
ogen had op zet 22. Maar achteraf denk ik dat gewoon 22.Te3 sterker was.} 28.
Nxf5 gxf5 29. Qxb4 axb4 30. Rd4 {Dit eindspel moet goede winstkansen bieden.}
Rc8 $2 {20'} ({De beste verdediging leek me} 30... Ra8 31. Re2 Na6 32. Rc4) 31.
Rc1 Rff8 32. Rxb4 {26'} Nd3 $2 {11' Hierna is het verloren.} ({Taaier is} 32...
Kf7 {en ik moet nog hard werken om mijn pluspion in winst om te zetten.}) 33.
Rxc8 Nxb4 (33... Rxc8 34. Rxb7 Rc1+ 35. Bf1 Kf7 36. b4 {is ook uit.}) 34. Rxf8+
Kxf8 35. a3 Nc2 36. a4 Ke8 37. Bf1 Kd8 38. Bd3 Nd4 39. b4 Kc7 40. Kf2 h6 41.
Ke3 e5 42. dxe6 Nxe6 43. Bxf5 Nd8 44. Be4 b6 45. Bd5 {We wonnen de wedstrijd
met 5½-2½. De pizzeria in Gent was weer volgeboekt maar deze keer konden we
weer terecht bij Dikke Mee in St-Job in 't Goor.} 1-0

[Event "Caissa intern 2017-2018"]
[Site "?"]
[Date "2017.12.05"]
[Round "13"]
[White "Brouwer, Dennis"]
[Black "Witt, Rob"]
[Result "1/2-1/2"]
[WhiteElo "2206"]
[BlackElo "2141"]
[Annotator "Witt"]
[PlyCount "53"]
[EventDate "2017.??.??"]

{In de interne competitie staat Dennis 2e achter Alje en ik sta 8e. Alleen bij
winst maak ik nog kans om 3e te worden wat plaatsing voor het eerste team
betekent. In de tram had ik besloten de Pirc te spelen, maar achter het bord
koos ik toch maar voor het Frans.} 1. e4 e6 2. d4 d5 3. Nc3 Bb4 4. e5 c5 5. a3
Bxc3+ 6. bxc3 Qa5 {De Portisch/Hook variant. Moskalenko noemt dit Black Queen
Blues in zijn boek 'The Wonderful Winawer'.} 7. Bd2 Qa4 8. Nf3 {Minder
gebruikelijk en ook waarschijnlijk minder goed dan Dg4 of Db1.} ({Ik zie nu dat
} 8. h4 {ook regelmatig door topspelers gespeeld is, o.a. 2x door Karjakin in
2016.}) 8... b6 {Dit leek me de meest logische zet. Dennis dacht hierna lang
na. Hij zei na afloop dat hij hier besefte dat zijn laatste zet niet zo goed
was.} ({Misschien is dat toch de vraag want kenner Shulman speelde} 8... Nc6 {
tegen Nakamura. Moskalenko analyseert deze boeiende partij in zijn boek.} 9. h4
cxd4 10. cxd4 Nge7 11. h5 Nxd4 12. Bd3 h6 13. Kf1 Nxf3 14. Qxf3 b6 15. Qg3 Ba6
16. Qxg7 Bxd3+ 17. cxd3 Rg8 18. Qxh6 Qd4 19. Re1 Qxd3+ 20. Kg1 Rc8 21. Bg5 Qf5
22. f4 Rc2 23. Rh2 Qd3 24. Qf6 Rxg5 25. Qxg5 Qd4+ 26. Kh1 Qe3 {(0-1) Nakamura,
H (2733)-Shulman,Y (2613) Saint Louis 2010}) 9. h4 {Na ruim een kwartier.} (9.
dxc5 bxc5 10. c4 Ba6 11. cxd5 Bxf1 12. Kxf1 exd5 13. h4 Ne7 14. h5 h6 15. Rh4
Qc6 $13 {Inarkiev,E (2680)-Demchenko,A (2639) Ekaterinburg 2013 (71.1-0)}) 9...
Ba6 10. h5 Bxf1 11. Kxf1 h6 {Moeilijk te zeggen of dit wel of niet
noodzakelijk is.} 12. Rh4 Ne7 {Over 1.13 Ik wilde de stelling ingewikkeld
houden.} (12... c4 {leek me de veilige optie, maar zwart heeft dan nauwelijks
mogelijkheden om op winst te spelen. Misschien is het ook wel beter voor wit
na bijv.} 13. Rg4 Rh7 14. Rf4 {en zwart komt niet zo makkelijk tot de lange
rokade.}) 13. dxc5 {[%eval 106,0]} Qa6+ 14. c4 $146 ({Er zijn nog enkele
partijen met} 14. Qe2 Qxe2+ 15. Kxe2 bxc5 16. Rg4 $44) 14... bxc5 ({Stockfish
geeft} 14... g5 $5 {Dat heb ik helaas niet overwogen. het lijkt prima voor
zwart.}) 15. Kg1 Nd7 {Allebei nog een uur.} ({De voorkeur van Stockfish} 15...
O-O $44 {verbaast me een beetje. Ik heb het in ieder geval geen seconde
overwogen.}) 16. Rg4 dxc4 $2 {Na 7 minuten koos ik bewust voor deze riskante
zet. Onder handhaving van pion c4 hoopte ik gebruik te kunnen maken van veld
d5 en zo mogelijk een paard op d4 te zetten. De engine vindt het terecht veel
te optimistisch. Ik heb met name gemist dat wit de positie van mijn paard op
b6 makkelijk kan ondermijnen met de opmars a3-a4-a5 waarna pion c4 valt en
daarmee de zwarte stelling.} ({Normaal was} 16... Nf5 {met ongeveer gelijke
kansen.}) 17. Rxg7 Nf5 {A tempo gespeeld evenals de volgende zet.} ({Misschien
had ik beter kunnen beginnen met} 17... Qa4 {maar ook dan staat wit heel goed.}
) 18. Rg4 O-O-O {Hierna dacht Dennis bijna een half uur na.} 19. Qe1 $16 {
Ik was tijdens de partij onder de indruk van dit plan. Wit gaat zijn loper op
e3 zetten om Pd4 eruit te halen, speelt zijn a-pion op en gaat vervolgens met
Dc3 pion c4 ophalen. Met de dame op e1 kan zwart pion c5 niet dekken met Da5.}
({De engine geeft de voorkeur aan} 19. Qe2 {Ik weet niet waarom Dennis deze
voor de hand liggende zet verworpen heeft. Wit staat vrijwel op winst.
Misschien kon hij de verwikkelingen niet overzien na bijv.} Nb6 20. a4 (20. Be3
Qa5) 20... Nd4 {Maar wit staat op winst na} 21. Nxd4 cxd4 22. Bb4 $18) 19...
Nb6 20. Be3 Rd5 {Ook deze zet speelde ik a tempo.} ({Beter maar ook goed voor
wit was} 20... Qb5 {bijv.} 21. Rb1 Qc6 22. Qa5 Nxe3 23. fxe3) 21. a4 {Pas nu
drong het tot me door dat ik in grote problemen ben. Na ruim 20 minuten
speelde ik maar} Rhd8 (21... Nxa4 22. Rf4 (22. Qe2) (22. Qf1 Rhd8 23. Rxc4 Rd1
24. Rxd1 Rxd1 25. Qxd1 Qxc4) 22... Qb5 23. Rb1 Qa6) 22. a5 {Na 7 minuten.} Na4
{Objectief gezien niet de beste zet, maar Dennis had hem niet gezien en raakte
een beetje in de war. Hij dacht opnieuw 10 minuten na.} 23. Kh2 {De beste zet.
Nog 13 minuten.} ({Ik dacht zelf dat} 23. Qf1 {winnend was, maar dat lijkt nog
mee te vallen na} Nb2 {Na afloop konden we geen duidelijke winst vinden. Maar
we zagen allebei niet veel meer.}) 23... Qb5 {Nog 27 minuten.} 24. Rb1 Qa6 25.
Ra1 {11'} ({Kennelijk was Dennis bang voor de mogelijkheid Pf5-d4 maar de
engine geeft} 25. Rf4 $1 $18 {en zwart heeft geen zetten meer.} Nd4 {kan niet
wegens} 26. Nxd4 cxd4 27. Qb4 $1 $18) 25... Qb5 26. Rb1 {7'} Qa6 {en na nog
een paar minuten speelde Dennis} 27. Ra1 {waarop ik remise claimde.} 1/2-1/2

[Event "Caissa intern 2017-2018"]
[Site "?"]
[Date "2017.12.12"]
[Round "14"]
[White "Witt, Rob"]
[Black "Knottnerus, Ivo"]
[Result "1-0"]
[WhiteElo "2141"]
[BlackElo "1962"]
[Annotator "Witt"]
[PlyCount "111"]
[EventDate "2017.??.??"]

{Ivo heeft nog kans om 3e te worden en zich voor het eerste team te plaatsen.
Hij staat vlak achter Enrico Vroombout 4e met 7-10 en een tpr van 2267 en
Enrico is vanavond afwezig. Hij moet aanzienlijk sterker zijn dan zijn
fide-rating aangeeft.} 1. d4 Nf6 2. Nf3 {Ik had geen idee wat Ivo voor
openingen speelt en ik had in ieder geval geen zin in een Benkö.} d5 3. c4 e6
4. Nc3 Bb4 5. e3 $6 {Na 5 minuten een vingerfout.} ({Na mijn mislukte
bestrijding van de Ragozin van Michael Wunnink had ik besloten om een volgende
keer te kiezen voor} 5. Qa4+ Nc6 6. e3 {Dat was ik even vergeten.}) 5... O-O 6.
Bd2 ({Veel gebruikelijker is} 6. Bd3) 6... b6 7. Rc1 (7. cxd5 exd5 8. Rc1 Be7
9. Bd3 Bb7 10. O-O Nbd7 11. Be1 c5 12. Ne5 cxd4 13. Nxd7 Nxd7 14. exd4 Nf6 15.
f3 $44 {(32.1-0) Fedoseev,V (2703)-Gajewski,G (2628) Khanty-Mansiysk 2017})
7... Ba6 8. Qa4 Bxc3 $146 {Na 12 minuten.} (8... c5 9. cxd5 Bxf1 10. Rxf1 exd5
11. Ke2 a6 12. dxc5 bxc5 13. Rfd1 Nbd7 14. a3 Bxc3 15. Bxc3 $44 {1-0 (59) Wang,
Y (2699) -Bluebaum,M (2642) Dortmund 2017}) 9. Bxc3 Qd7 10. Qxd7 {Na 10
minuten. Ik had wel zin om een eindspel te spelen.} ({Ik heb lang gekeken naar
} 10. Qa3 {maar ik kon het niet goed beoordelen na} Bxc4 11. Ne5 Qb5 12. Nxc4
dxc4 13. b3 Qg5 14. bxc4 Ne4) 10... Nbxd7 11. cxd5 (11. b3 dxc4 12. bxc4 c5 {
leek me niets voor wit.}) 11... Bxf1 12. Rxf1 Nxd5 13. Ke2 Rfc8 14. Rfd1 N7f6 {
Na 10 minuten een zet die mij verraste.} ({Ik verwachtte} 14... c5 {waarop ik
plande} 15. Bd2 {en op een eventueel} c4 16. Rc2 b5 17. Rdc1 {wat mij ietsje
beter voor wit leek.}) 15. Ne5 {Beide spelers nog een uur.} c5 16. dxc5 Ne4 (
16... Rxc5 17. Bd4 {leek me iets makkelijker spelen voor wit.}) 17. Be1 Rxc5 $6
({Beter leek me} 17... Nxc5 {bijv.} 18. f3 f6 (18... Na4 19. Nd3) 19. Nc4 {
en hoewel het vrijwel gelijk staat, heb ik toch liever wit.}) 18. Nd3 {Die
speelde ik snel en Ivo zei na afloop dat hij die gemist had.} ({Stockfish
heeft echter een duidelijke voorkeur voor} 18. f3 {die ik niet overwogen heb.
Interessant is dan} Rac8 (18... Rxc1 19. Rxc1 Nd6 20. Nc6 $16) 19. fxe4 Rxc1
20. exd5 Rxd1 21. Kxd1 $16 {en dit zal inderdaad wel beter zijn voor wit,
hoewel er met deze materiaalverhouding van ales kan gebeuren.}) 18... Rcc8 {
Na 5 minuten de zet die ik verwachtte.} ({De engine geeft de voorkeur aan} 
18... Rxc1 19. Rxc1 Nd6 20. Nb4 Nxb4 21. Bxb4 {met een klein plusje omdat met
pionnen op 2 vleugels de loper sterker is dan het paard.}) 19. f3 Nc5 ({
Ik had toch maar gekozen voor} 19... Nef6 20. e4 Ne7 21. Ne5 Rxc1 22. Rxc1 Rc8
23. Rxc8+ Nxc8 {en dan maar keepen.}) 20. Nxc5 Rxc5 21. Rxc5 bxc5 22. Rc1 {
A tempo gespeeld.} ({Stockfish geeft als iets sterker} 22. Bg3 $5 {Dat ziet er
inderdaad goed uit.}) 22... Rc8 23. Bd2 Kf8 {Na bijna 20 minuten. Wit nog 3
kwartier, zwart 26 minuten.} ({Het alternatief was} 23... c4 24. e4 Nb6 25. Be3
{en zwart heeft problemen.}) ({of} 23... f5 24. e4 fxe4 25. fxe4 Nb6 26. Be3 {
en ruil van de f-pionnen leek me in het voordeel van wit.}) 24. e4 Nb6 25. Be3
Nd7 {Na 5 minuten.} ({Na} 25... c4 {wordt deze pion zwak. Bijv.} 26. Rc3 Na4
27. Rc2 Nb6 28. Kd2 Ke7 29. Kc3 Kd6 30. Bxb6 axb6 31. Kb4 $16) 26. Rc4 {
Na 10 minuten.} ({Mijn oorspronkelijke gedachte was natuurlijk de pionwinst} 
26. b4 {maar hoe langer ik keek hoe meer ik ging twijfelen of de pluspion
voldoende was voor winst. Waarschijnlijk zag ik spoken. Ik herinner me nog een
variant} Rc6 27. Bxc5+ Nxc5 28. Rxc5 Ra6 29. Ra5 Rxa5 30. bxa5 Ke7 31. Kd3 Kd6
32. Kc4 $2 ({Ik miste hier} 32. a6 $1 {met eenvoudige winst.}) 32... a6 {
en dit lijkt remise. En ook in varianten met bxc5 i.p.v. Lxc5 zag ik steeds
meer praktische problemen. Waarschijnlijk ten onrechte.}) 26... Ke7 27. Ra4 Rc7
28. Ra6 Nb6 29. b3 Kd7 30. Ra5 Kd6 {Wit nog 20', zwart 10'.} 31. Bf4+ {Om zijn
e-pion op zwart te krijgen.} ({Nog sterker lijkt} 31. b4 Nd7 32. Bxc5+ Nxc5 33.
bxc5+ Rxc5 34. Rxa7 {en dit eindspel moet gewonnen zijn.}) 31... e5 32. Be3 f6
33. Kd3 {Na 5 minuten.} ({Mijn alternatief was} 33. f4 {wat me ook kansrijk
leek.}) 33... g6 34. g4 f5 $2 {Dit had moeten verliezen, maar zwart had het
sowieso moeilijk. Zwart nog 2' met increment 15", wit nog 13' .} 35. gxf5 gxf5
36. a4 $2 {Ik laat me weer eens meeslepen. Na minder dan een minuut geef ik de
winst weg.} ({Goed was simpel} 36. exf5 Nd5 {Dat was Ivo van plan. Andere
paardzetten verliezen ook.} 37. Bg5 Nb4+ 38. Ke4 Nc6 39. Ra6 $18 {en zwart zit
in een zoort zetdwang.}) 36... fxe4+ 37. fxe4 c4+ {Nu kan dat wel omdat mijn
a-pion op a4 staat.} 38. bxc4 Nxc4 39. Rxa7 $2 {Balend sloeg ik zonder
nadenken zijn pion.} ({Ik had nog een plusje kunnen houden met} 39. Ra6+ Kd7
40. a5) 39... Nb2+ 40. Kd2 Rxa7 41. Bxa7 Nxa4 {Dit eindspel is natuurlijk
potremise. Ik speelde verder omdat zwart het in tijdnood nog fout kan doen.}
42. Ke3 Nc5 43. Kf3 Nb3 44. Kg4 Ke6 45. Be3 Na5 {Vanaf hier leeft zwart op
zijn 15 seconden increment. Ik heb nog 8 minuten.} 46. Bd2 Nc4 47. Bb4 Kf6 48.
Kh5 Ne3 49. h3 Nf1 50. Be1 Nh2 51. Bh4+ Ke6 52. Kh6 Nf3 53. Bg5 Kf7 54. h4 Kg8
55. h5 Nh2 56. Bf6 {Hier had Ivo inmiddels weer 27 seconden. Hij dacht rustig
na. Zo rustig dat hij zijn klok vergat en op tijd verloor. Enerzijds een
gelukkige overwinning, anderzijds toch ook niet onverdiend.} 1-0